000 00937nam a2200313 4500
001 01081375
003 DO-SdBPM
005 20250609113518.0
007 01081375
008 920725s1980 sp spa
017 _a
_b
020 _a842221004485
035 _a
040 _aDO-SdBPM
_bspa
_cBPMSU
041 1 _a
_h
082 4 _a843.91
_bL313q 1980
_222
100 1 _aLapierre, Dominique,
_d1931-2022.
240 1 3 _aLe cinquième cavalier
_lespañol
245 1 3 _aEl quinto jinete /
_c Dominique Lapierre, Larry Collins ; [traducción del francés por J. Ferrer Aleu]
_h
250 _a13ª ed.
260 _aBarcelona :
_bPlaza & Janés,
_c1980
300 _a373 p. ;
_c22 cm
590 _aInventariado, 2025/VM
650 4 _aNovela francesa
700 1 _aCollins, Larry
_d1929-2005
_eilustraciones
700 1 _aFerrer Aleu, J.
_etraductor
910 _aVMateo V. Control de calidad. BPMSU
942 _2ddc
_cBK
999 _c9640
_d9640